|
|
|
|
| LEADER |
00000nab a2200000 a 4500 |
| 001 |
vtls000364768 |
| 003 |
SK-MaSNL |
| 005 |
20260303201501.0 |
| 008 |
230313c1989 xo 0 slo |
| 015 |
|
|
|a SNBRB19rr/mm-uuuuu
|
| 035 |
|
|
|a CL0364890
|
| 035 |
|
|
|a urn:nbn:sk:snk-abbjt3
|
| 035 |
|
|
|a (urnnbn)urn:nbn:sk:snk:ar-002hax
|
| 035 |
|
|
|a (uuid)7edea355-4b6a-4cf1-b000-eb283d6d38b9
|
| 040 |
|
|
|a SNKBUCL
|b slo
|c SNKBUCL
|e AACR2
|
| 041 |
0 |
|
|a slo
|
| 044 |
|
|
|a xo
|c SK
|
| 080 |
|
|
|a 82:061.7:06.063:885.4
|2 1981
|
| 080 |
|
|
|a 061.7
|2 1981
|
| 080 |
|
|
|a 06.063
|2 1981
|
| 080 |
|
|
|a 885.4
|2 1981
|
| 100 |
1 |
|
|a Štrasser, Ján,
|d 1946-
|4 aut
|9 93512
|
| 245 |
1 |
0 |
|a Literárnu súťaž Akademického Prešova... /inc./
|c Ján Štrasser
|
| 500 |
|
|
|a Pod spoločným názvom Akademický Prešov 1989.
|
| 650 |
0 |
7 |
|a literatúra juvenilná
|2 snkbucl
|9 921353
|
| 650 |
0 |
7 |
|a súťaže literárne autorské
|2 snkbucl
|9 932585
|
| 650 |
0 |
7 |
|a Akademický Prešov 1989 (súťaž um. tvorivosti vysokoškolákov)
|2 snkbucl
|9 959270
|
| 655 |
|
7 |
|a články z novín a časopisov
|2 snkbucl
|9 267496
|
| 655 |
|
7 |
|a články z odboru literárna veda a krásna literatúra
|2 snkbucl
|9 770045
|
| 773 |
0 |
|
|t Dotyky
|g Roč. 1, č. 9 (1989), s. 28
|
| 850 |
|
|
|a Slovenská národná knižnica v Martine
|a MTA001
|
| 852 |
|
|
|a SNK
|b KIS3GCP
|
| 957 |
|
|
|a 5407
|
| 958 |
|
|
|a RK
|
| 958 |
|
|
|a LX
|
| 958 |
|
|
|a OND
|
| 958 |
|
|
|a EUIPO
|
| 958 |
|
|
|a article15
|
| 992 |
|
|
|a RBX
|
| 999 |
|
|
|c 2174413
|d 2176343
|